| 000 | 02107 a2200265 4500 | ||
|---|---|---|---|
| 003 | Nust | ||
| 005 | 20170207154052.0 | ||
| 010 | _a 2008029057 | ||
| 020 | _a0470390875 (cloth) | ||
| 020 | _a9780470390870 (cloth) | ||
| 035 | _a(OCoLC)ocn232976052 | ||
| 040 | _cNust | ||
| 082 | 0 | 0 | _a658.15224 |
| 100 | 1 | _aLipman, Frederick D. | |
| 245 | 1 | 0 |
_aInternational and U.S. IPO planning (E-BOOK) _ba business strategy guide / _cFrederick D. Lipman. |
| 260 |
_aHoboken, N.J. : _bWiley, _cc2009. |
||
| 300 |
_axiv, 272 p. : _bill. ; _c24 cm. |
||
| 505 | 0 | _aIntroduction.Chapter 1. The Pros and Cons of a U.S. IPO.Part One. Advanced Ipo Planning.Chapter 2. Develop an Impressive Management and Professional Team.Chapter 3. Grow the Company's Business with an Eye to the Public Marketplace.<Chapter 4. Obtain Audited or Auditable Financial Statements Using IPO Acceptable Accounting Principles.Chapter 5. Cleaning Up the Company's Act.Chapter 6. Establish Anti-Takeover Defenses.Chapter 7. Develop Good Corporate Governance.Chapter 8. Create Insider Bail-Out Opportunities and Take Advantage of IPO Windows.Part Two. International IPOS.Chapter 9. Structuring an International IPO.Chapter 10. Income Tax Considerations in Establishing or Migrating a Corporation Off-Shore By (Joseph T. Gulant, ESQ.).Part Three. Traditional And Non Traditional IPOS In The U.S.Chapter 11. Traditional U.S. IPOs.Chapter 12. Reverse Mergers into Public Shells By (Jane Storero, Esq.).Chapter 13. Using a SPAC to Go Public By (Brad L. Shiffman, Esq.).Chapter 14. Regulation A: The $5 Million Offering.Chapter 15. SCOR: The $1 Million Do-It-Yourself Registered Offering.Appendix A. List of International Stock Exchange Websites.Appendix B. Responses of International Exchanges to IPO Survey.Index. | |
| 650 | 0 |
_aCorporations _xFinance. |
|
| 650 | 0 |
_aCorporations _zUnited States _xFinance. |
|
| 650 | 0 | _aGoing public (Securities) | |
| 650 | 0 |
_aGoing public (Securities) _zUnited States. |
|
| 651 | _aInternational and U.S. IPO planning (E-BOOK) | ||
| 856 | 4 | 1 |
_3Table of contents only _uhttp://www.loc.gov/catdir/toc/ecip0823/2008029057.html |
| 942 |
_2ddc _cBK |
||
| 999 |
_c193173 _d193173 |
||